LEADER 01588cam0-22004691i-450 001 990000199390403321 005 20211027125746.0 035 $a000019939 035 $aFED01000019939 035 $a(Aleph)000019939FED01 035 $a000019939 100 $a20020821d1873----km-y0itay50------ba 101 0 $aeng 102 $aGB 105 $aa-------001yy 200 1 $a<>treatise on electricity and magnetism$fby James Clerk Maxwell 210 $aOxford$cAt the Clarendon press$d1873 215 $a2 v.$cill.$d22 cm 225 1 $aClarendon press series 307 $a1.: XXIX, 425 p., 13 c. di tav. ; 2.: XXIII, 444 p., 20 c. di tav. 451 0$1001990001183340403321 451 0$1001990001183350403321 451 0$1001990000252800403321 451 0$1001990009457020403321 610 0 $aElettricitą 610 0 $aMagnetismo 676 $a530.141 700 1$aMaxwell,$bJames Clerk$02852 801 0$aIT$bUNINA$gRICA$2UNIMARC 856 4 $zVisualizza la versione elettronica in EROMM$uhttps://www.digitale-sammlungen.de/en/view/bsb11163907?page=6,7$e20211027 856 4 $zVisualizza la versione elettronica in EROMM$uhttps://www.digitale-sammlungen.de/en/view/bsb11163908?page=6,7$e20211027 901 $aBK 912 $a990000199390403321 952 $a13 AR 22 A 34$b241$fFINBC 952 $a31-A-22$b02362$fMA1 952 $a110-A-10$bNON INV.$fMA1 952 $a110-A-9$bNON INV.$fMA1 952 $a13 AR 22 A 35$b242$fFINBC 959 $aFINBC 959 $aMA1 996 $aTreatise on electricity and magnetism$9117912 997 $aUNINA LEADER 01288nam 2200421 450 001 9910156163103321 005 20180109134937.0 010 $a1-5361-0648-8 035 $a(CKB)3710000000985517 035 $a(MiAaPQ)EBC4789237 035 $a(EXLCZ)993710000000985517 100 $a20161121h20172017 uy| 0 101 0 $aeng 135 $aurcnu|||||||| 181 $2rdacontent 182 $2rdamedia 183 $2rdacarrier 200 10$aDry powder inhalers $eformulation, device and characterization /$fTeerapol Srichana 210 1$aHauppauge, NY :$cNova Science Publishers, Incorporated,$d[2017] 210 4$d©2017 215 $a1 online resource (230 pages) $cillustrations 225 1 $aPharmacology - research, safety testing and regulation 311 $a1-5361-0641-0 320 $aIncludes bibliographical references and index. 410 0$aPharmacology-research, safety testing, and regulation series. 606 $aInhalers 606 $aPharmacology 615 0$aInhalers. 615 0$aPharmacology. 676 $a615.8/36 700 $aSrichana$b Teerapol$01244529 801 0$bMiAaPQ 801 1$bMiAaPQ 801 2$bMiAaPQ 906 $aBOOK 912 $a9910156163103321 996 $aDry powder inhalers$92886907 997 $aUNINA